| 000 | 00871nam a2200217 a 4500 | ||
|---|---|---|---|
| 008 | 081128s2006 ||||||||||||||||| || u | ||
| 020 | _a0080451578 | ||
| 050 | _aTJ 212.5 Int | ||
| 100 | _aPham, D. T | ||
| 245 | 1 | 0 |
_aIntelligent production machines and systems: 2nd I*PROMS virtual international conference 3-14 July 2006 _cedited by D. T. Pham; E. E. Eldukhri; A. J. Soroka |
| 260 |
_aOxford _bElsevier _c2006 |
||
| 300 | _axxii, 662p.: ill. | ||
| 350 | _a0.00 | ||
| 500 | _aAccompanie with a CD-ROM, available in the Crybray | ||
| 650 | _aCAD/CAM SYSTEMS--CONGRESSES | ||
| 650 | _aPRODUCTION | ||
| 650 | _aAUTOMATIC CONTROL--CONGRESSES | ||
| 700 | _aSoroka, A. J | ||
| 700 | _aEldukhari, E. E | ||
| 995 |
_D0.00 _FCBU-MAIN LIBRARY (Kitwe) _H1 _I0.00 _M1 _UDAMAGED _WMar 11, 2009 _ZMain Library Open Access Collection |
||
| 999 |
_c47191 _d47191 |
||